| 000 | 01349cam a22003737a 4500 | ||
|---|---|---|---|
| 003 | CHAP | ||
| 005 | 20220329133030.0 | ||
| 008 | 971013s1990 r 00010 d | ||
| 010 | _a1436 | ||
| 011 | _a2408 | ||
| 035 | _a1602 | ||
| 040 | _cCHAP | ||
| 090 | _aTesis | ||
| 100 | 0 | 0 |
_aAmezcua Cruzaley, Guillermo. _95328 |
| 245 | 1 | 4 | _aLos servicios técnicos forestales en los municipios de Acutzio y Madero, Michoacán (Unidad Industrial) de Explotación Forestal de Acuitzio y Villa Madero) |
| 260 |
_aChapingo, Méx. : _bEl autor, _c1990 |
||
| 300 |
_a104 h. _b: ilus. |
||
| 500 | _a41-207 | ||
| 502 | _aTesis (Ing. Agr. Esp. en Bosques) -- UACH. División de Ciencias Forestales | ||
| 590 |
_aALEPH _b10 _c20130110 _lUCH01 _h1208 |
||
| 590 |
_aBATCH-UPD _b10 _c20130110 _lUCH01 _h0148 |
||
| 590 |
_aBATCH-UPD _b10 _c20130110 _lUCH01 _h1930 |
||
| 590 |
_aBATCH-UPD _b10 _c20130409 _lUCH01 _h2147 |
||
| 590 |
_aBATCH-UPD _b10 _c20130410 _lUCH01 _h1255 |
||
| 590 |
_aBATCH-UPD _b10 _c20130914 _lUCH01 _h0503 |
||
| 590 |
_aBATCH-UPD _b10 _c20130914 _lUCH01 _h2041 |
||
| 590 |
_aCONVERSION _b10 _c20130109 _lUCH01 _h1302 |
||
| 650 | 1 | 4 |
_aAyuda técnica. _99035 |
| 650 | 1 | 4 |
_aBosques _xExtracción _xMichoacán. _914185 |
| 650 | 1 | 4 |
_aIndustrias forestales _zMichoacán. _958005 |
| 901 | _aBK | ||
| 942 | _cTESIS | ||
| 949 |
_bBC _cTES _d-11089 _eTS1 _h23643 _i1602 _si |
||
| 999 |
_c1436 _d1436 |
||